KOHA-Header-6

100 Events and Inventions that shaped world history (Record no. 13521)

000 -LEADER
fixed length control field 00346nam a22001337a 4500
020 ## - INTERNATIONAL STANDARD BOOK NUMBER
ISBN 9788174390653
082 ## - DEWEY DECIMAL CLASSIFICATION NUMBER
Classification number 609
Item number YEN
100 ## - MAIN ENTRY--AUTHOR NAME
Personal name Bill Yenne
245 ## - TITLE STATEMENT
Title 100 Events and Inventions that shaped world history
260 ## - PUBLICATION, DISTRIBUTION, ETC. (IMPRINT)
Place of publication New delhi
Name of publisher Gemini Books
Year of publication 2002
300 ## - PHYSICAL DESCRIPTION
Number of Pages 112 pages
650 ## - SUBJECT ADDED ENTRY--TOPICAL TERM
Topical Term Events, Inventions, World History
942 ## - ADDED ENTRY ELEMENTS (KOHA)
Koha item type Books
Holdings
Withdrawn status Lost status Collection code Permanent Location Current Location Shelving location Date acquired Full call number Accession Number Koha item type
    English Literature MAJU MAJU Shelf No.A13 2022-12-07 609 YEN 10620 Books

Powered by Koha